00329 a2200109 4500001001000000005001700010008004100027245004400068100002500112773006500137999001700202ART_1292820260410161909.0260409a 10aLos costos derivados de los inventarios1 aSmolje, Alejandro R.0 tCostos y gestióng- Año 15, Nº 58 (dic. 2005)wREV12786 c26679d26679